| 000 | 00723nam a2200229Ia 4500 | ||
|---|---|---|---|
| 001 | 11219 | ||
| 003 | GE_BSU | ||
| 008 | 181216s||||||||xx |||||||||||||| ||und|| | ||
| 040 | _cGE_BSU | ||
| 080 | _a621.031+620.1:539.3 | ||
| 100 | _aაბდულაევი ნ.მ. | ||
| 245 | _aტექნიკური მექანიკა | ||
| 245 | _b(მასალათა გამძლეობა) | ||
| 245 | _cრედ: ა. კაკუშაძე | ||
| 260 | _aთბილისი. | ||
| 260 | _bტექნიკა და შრომა | ||
| 260 | _c1948 | ||
| 300 | _a215გვ.24სმ. | ||
| 300 | _eილ. | ||
| 653 | _aტექნიკური მექანიკა | ||
| 942 | _cBK | ||
| 999 |
_c44450 _d44450 |
||